书目信息 |
| 题名: |
健身良法
|
|
| 作者: | 于永年 编著 | |
| 分册: | ||
| 出版信息: | 北京 知识出版社 1982 |
|
| 页数: | 124页 | |
| 开本: | 19cm | |
| 丛书名: | ||
| 单 册: | ||
| 中图分类: | R247.4 | |
| 科图分类: | ||
| 主题词: | 中医学:临床医学 | |
| 电子资源: | ||
| ISBN: | ||
| 000 | 00618nam0 2200241 45 | |
| 001 | 0182005799 | |
| 005 | 20040520095218.2 | |
| 010 | @dCNY0.37 | |
| 091 | @a14214.2 | |
| 100 | @a19950601d1982 em y0chiy0121 ea | |
| 101 | 0 | @achi |
| 102 | @aCN@b110000 | |
| 105 | @ay z 000yy | |
| 106 | @ar | |
| 200 | 10 | @a健身良法@Ajian shen liang fa@e站桩@f于永年著 |
| 210 | @a北京@c知识出版社@d1982 | |
| 215 | @a124页@d19cm | |
| 606 | 0 | @a中医学:临床医学 |
| 690 | @aR247.4 | |
| 701 | 0 | @a于永年@Ayu yong nian@4编著 |
| 801 | 0 | @aCN@b上海图书馆@c20040520 |
| 801 | 2 | @aCN@bNLC@c20040520 |
| 905 | @f3@b109384-386@dR247.4@e19 | |
| 健身良法:站桩/于永年著.-北京:知识出版社,1982 |
| 124页;19cm |
| ISBN :CNY0.37 |
| ● |
| 相关链接 |
|
|
|
|
正题名:健身良法
索取号:R247.4/19
 
预约/预借
| 序号 | 登录号 | 条形码 | 馆藏地/架位号 | 状态 | 备注 |
| 1 | 0109384 | 000711572 | 密集书库/ [索取号:R247.4/19] | 在馆 | |
| 2 | 0109385 | 000711581 | 密集书库/ [索取号:R247.4/19] | 在馆 | |
| 3 | 0109386 | 000711821 | 密集书库/ [索取号:R247.4/19] | 在馆 | |
| 4 | 0109387 | 000711634 | 第二样本阅览室/ [索取号:R247.4/19] | 在馆 |